000
00276nam a2200121Ia 4500
008
190216s9999||||xx |||||||||||||| ||und||
100
_a
Null
245
0
_a
Step By Step To Personal Computing
260
_b
C B M Publications
300
_a
47
650
_a
Computer
942
_c
BK
999
_c
8589
_d
8589